[Iglesia de San Miguel, Navarra (Record no. 85862)
[ view plain ]
| 000 -LEADER | |
|---|---|
| campo de control de longitud fija | 01013nkc a22002297a 4500 |
| 001 - NÚMERO DE CONTROL | |
| campo de control | 85862 |
| 005 - FECHA Y HORA DE LA ÚLTIMA TRANSACCIÓN | |
| campo de control | 20260430104810.0 |
| 007 - CAMPO FIJO DE DESCRIPCIÓN FÍSICA--INFORMACIÓN GENERAL | |
| campo de control de longitud fija | kh bo |
| 008 - DATOS DE LONGITUD FIJA--INFORMACIÓN GENERAL | |
| campo de control de longitud fija | 260430s1890 sp ||||| |||| |0| i|spa d |
| 040 ## - FUENTE DE CATALOGACIÓN | |
| Centro catalogador/agencia de origen | M-RABA |
| Lengua de catalogación | spa |
| Centro/agencia transcriptor | M-RABA |
| 245 01 - MENCIÓN DEL TÍTULO | |
| Título | [Iglesia de San Miguel, Navarra |
| Resto del título | : Retablo Mayor] |
| Medio | [Material gráfico] |
| 260 ## - PUBLICACIÓN, DISTRIBUCIÓN, ETC. | |
| Fecha de publicación, distribución, etc. | [ca. 1890] |
| 300 ## - DESCRIPCIÓN FÍSICA | |
| Extensión | 2 fotografías |
| Otras características físicas | : aristotipo |
| Dimensiones | , imagen 24 x 18 cm |
| 500 00 - NOTA GENERAL | |
| Nota general | Fotografía del Retablo Mayor de la Iglesia de San Miguel de Aoiz, Navarra. |
| 500 00 - NOTA GENERAL | |
| Nota general | Imagen duplicada. |
| 500 00 - NOTA GENERAL | |
| Nota general | Nota manuscrita a lápiz al verso de la imagen:<br/>Fot-827: "Retablo de S. Miguel de Aoiz (Navarra)".<br/>Fot-828: "Retablo mayor de la parroquial de Aoiz (Navarra). |
| 651 #7 - PUNTO DE ACCESO ADICIONAL DE MATERIA--NOMBRE GEOGRÁFICO | |
| Nombre geográfico | Navarra (España) |
| 9 (RLIN) | 75271 |
| 655 #0 - TERMINO DE INDIZACIÓN--GENERO/FORMA | |
| Datos o término principal de género/forma | Fotografías de monumentos |
| 9 (RLIN) | 111580 |
| 852 ## - LOCALIZACIÓN | |
| Número de control de estantería | Fot-827; Fot-828 |
| 856 ## - LOCALIZACIÓN Y ACCESO ELECTRÓNICOS | |
| Identificador Uniforme de Recurso | <a href="https://archivoybiblioteca.realacademiabellasartessanfernando.com/cgi-bin/koha/opac-retrieve-file.pl?id=9300886c1aadaac6cf68f070811e1aa9">https://archivoybiblioteca.realacademiabellasartessanfernando.com/cgi-bin/koha/opac-retrieve-file.pl?id=9300886c1aadaac6cf68f070811e1aa9</a> |
| Texto de enlace | Fot-827 |
| 942 ## - ELEMENTOS DE ENTRADA SECUNDARIOS (KOHA) | |
| Tipo de ítem Koha | Fotografías |
| Suprimir en OPAC | No |
| Estatus retirado | Estado de pérdida | Fuente de la clasificación o esquema de estantería | Estado de daño | No para préstamo | Colección | Biblioteca de origen | Biblioteca actual | Ubicación en estantería | Fecha de adquisición | Total de préstamos | Signatura topográfica completa | Código de barras | Visto por última vez | Precio de reemplazo | Tipo de ítem Koha |
|---|---|---|---|---|---|---|---|---|---|---|---|---|---|---|---|
| Clasificación Decimal Dewey | Fotografía | Real Academia de la Bellas Artes de San Fernando | Real Academia de la Bellas Artes de San Fernando | Depósito 2 | 30/04/2026 | Fot-827 | 1097167 | 30/04/2026 | 30/04/2026 | Fotografías |